000
00264nam a2200109Ia 4500
008
220204s9999 xx 000 0 und d
082
_a
929 A/Z(IND)
_b
RAI
100
_a
Rai, Raghu
245
0
_a
Indira Gandhi
260
_a
New Delhi
_b
Lustre Press
_c
1985
942
_c
BK
999
_c
39058
_d
39058